| 000 | 01053nam a22002657a 4500 | ||
|---|---|---|---|
| 005 | 20170124103105.0 | ||
| 010 | _a051191 | ||
| 020 | _c2.00 | ||
| 035 | _a051191 | ||
| 037 | _bCen Lib/Ret | ||
| 040 |
_aDPL _bHN |
||
| 082 |
_a823.08 _bइन्द्रना |
||
| 100 |
_aइंद्रनाथ मदान _978142 |
||
| 245 |
_aशरतचन्द्र : _cइंद्रनाथ मदान _bचिंतन व कला / |
||
| 246 |
_aSharatchndra : chintan v kala / _bby Indranath Madaan |
||
| 260 |
_aइलाहाबाद _bहिंदी भवन _c1958 |
||
| 270 |
_bइलाहाबाद _a३१२ रानी मंडी |
||
| 300 |
_a159पृ. _c16सेमी(सजिल्द ) |
||
| 500 | _aसन्दर्भ सूची शामिल | ||
| 650 |
_a साहित्य _x _945770 |
||
| 650 |
_aहिंदी--चिंतन _978143 |
||
| 650 |
_aLiterature _96262 |
||
| 650 |
_aHindi--concerns _978144 |
||
| 942 |
_2ddc _cHN _h823.08 _mइन्द्रना |
||
| 999 |
_c118054 _d118054 |
||